E42(阪和道・紀勢道など)のIC - Statistics

General Stats
  • This quiz has been taken 47 times
    25 since last reset
  • The average score is 24 of 47
Answer Stats
阪和道 % Correct
JCT 和歌山
91%
IC 和歌山
91%
IC 海南
86%
IC 御坊
82%
IC 和歌山北
77%
IC 有田
77%
IC 湯浅
77%
IC すさみ
77%
SA 紀ノ川
73%
SIC 和歌山南
68%
IC 印南
68%
SA 印南
68%
IC みなべ
68%
IC 南紀白浜
68%
IC 有田南
64%
IC 広川
64%
IC 海南東
59%
IC 南紀田辺
59%
IC 南紀田辺
59%
IC 上富田
59%
PA 吉備湯浅
55%
IC 御坊南
55%
IC 那智勝浦
55%
IC 下津
50%
IC 広川南
50%
IC すさみ南
50%
IC 紀宝
50%
IC 新宮南
41%
IC 尾鷲南
41%
IC 尾鷲北
41%
IC 尾鷲北
41%
IC 川辺
36%
IC 新宮北
36%
IC 勢和多気
36%
JCT 勢和多気
36%
PA 紀北
32%
IC 日置川
27%
PA 奥伊勢
27%
IC 熊野大泊
23%
IC 熊野新鹿
23%
IC 紀伊長島
23%
IC 紀宝鵜殿
18%
IC 賀田
18%
IC 三木里
18%
IC 紀勢大内山
18%
IC 海山
14%
IC 大宮大台
14%
No matching quizzes found
Score Distribution
Percent of People with Each Score
Percentile by Number Answered
Your Score History
You have not taken this quiz since the last reset